000 00509nam a2200181Ia 4500
005 20250326124913.0
008 250326s9999 xx 000 0 und d
037 _aTextbook
040 _aFMSL
_beng
_cFMSL
041 _aeng
_2eng
084 _aX:8F K54;1
_qFMSL
100 _aYanovsky M
_9738187
245 0 _aAnatomy of social accounting systems
_cYanovsky M
260 _aLondon
_bLondon, Chapman And Hall
_c1965
300 _a235p
942 _cTB
_hX:8F K54;1
999 _c1275707
_d1275707